| 000 | 01408cam a2200349 a 4500 | ||
|---|---|---|---|
| 005 | 20260322212059.0 | ||
| 008 | data | ||
| 010 | _a 2010277910 | ||
| 020 | _a9780061719158 | ||
| 020 | _a0061719153 | ||
| 040 |
_aBTCTA _cBTCTA _dDLC _dHEV _dWI9WB _dORX _dCDX _dVP@ _dIXA _dDLC |
||
| 042 | _alccopycat | ||
| 050 | 0 | 0 |
_aHD6073.M77 _bW43 2009 |
| 082 | 0 | 4 |
_a746.92092 _222 |
| 092 | _a746.92 W43 2009 | ||
| 100 | 1 |
_aWeiland, Mary Forsberg, _d1975- |
|
| 245 | 1 | 0 |
_aFall to pieces : _ba memoir of drugs, rock 'n' roll, and mental illness / _cMary Forsberg Weiland & Larkin Warren. |
| 250 | _a1st ed. | ||
| 260 |
_aNew York : _bWilliam Morrow, _cc2009. |
||
| 300 |
_ax, 242 p., [8] p. of plates : _bcoll. ill. ports.; _c24 cm. |
||
| 600 | 1 | 0 |
_aWeiland, Mary Forsberg, _d1975- |
| 650 | 0 |
_aModels (Persons) _zUnited States _vBiography. |
|
| 650 | 0 |
_aDrug addicts _zUnited States _vBiography. |
|
| 650 | 0 |
_aManic-depressive persons _zUnited States _vBiography. |
|
| 700 | 1 | _aWarren, Larkin. | |
| 856 | 4 | 2 |
_3Contributor biographical information _uhttp://www.loc.gov/catdir/enhancements/fy1007/2010277910-b.html |
| 856 | 4 | 2 |
_3Publisher description _uhttp://www.loc.gov/catdir/enhancements/fy1007/2010277910-d.html |
| 906 |
_a7 _bcbc _ccopycat _d2 _encip _f20 _gy-gencatlg |
||
| 925 | 0 |
_aacquire _b2 shelf copies _xpolicy default |
|
| 001 | data | ||
| 999 |
_c1424 _d1424 |
||